| 000 | 00576nam a2200169 a 4500 | ||
|---|---|---|---|
| 001 | 000026171 | ||
| 005 | 20200930024349.0 | ||
| 008 | 110303s2006 dr 000 0 spa d | ||
| 040 |
_aDO-SdBNP _bspa _cBNPHU |
||
| 100 | 1 |
_aRodríguez Cruz, Héctor _953177 |
|
| 245 | 1 | 0 |
_a120 consejos para educar hijos felices y responsables / _cHéctor Rodríguez. |
| 246 | 1 | 0 | _aCiento veinte consejos para educar hijos felices y responsables |
| 260 |
_aSanto Domingo : _bFundación Metropolitana, _c2006. |
||
| 300 |
_a130 p. ; _c18 cm. |
||
| 500 | _aBibliografía : p. 130 | ||
| 049 | _aBNPD | ||
| 999 |
_c25663 _d25663 |
||